[Event "MEX ol U16"]
[Site "Mexico City"]
[Date "2001.??.??"]
[Round "?"]
[White "Villalba Vazquez, Juan"]
[Black "Alvarez Soto, Julio Alberto"]
[Result "0-1"]
[WhiteElo "1308"]
[BlackElo "1353"]
[PlyCount "84"]
[EventDate "2001.??.??"]
[EventType "swiss"]
[EventRounds "6"]
[EventCountry "MEX"]
[SourceTitle "EXT 2004"]
[Source "ChessBase"]
[SourceDate "2003.11.25"]
[SourceVersion "1"]
[SourceVersionDate "2003.11.25"]
[SourceQuality "1"]

1. d4 e6 2. c4 d5 3. Nc3 Nf6 4. Bg5 Be7 5. Nf3 h6 6. Bh4 0-0 7. e3 c6 8. Bd3 Nbd7 9. 0-0 Re8 10. Rc1 Nh7 11. Bxe7 Qxe7 12. cxd5 exd5 13. Qc2 Ndf6 14. Ne5 Nf8 15. Na4 N8d7 16. Nxd7 Bxd7 17. Nc5 Bg4 18. h3 Bc8 19. e4 dxe4 20. Bxe4 Nxe4 21. Nxe4 Bf5 22. Rfe1 Bxe4 23. Qe2 Qg5 24. Qf1 Bd5 25. a3 Re6 26. f4 Qf6 27. Re5 Rxe5 28. fxe5 Qxf1+ 29. Kxf1 Rd8 30. Kf2 f6 31. exf6 Rf8 32. Kg3 Rxf6 33. Rc2 Kf7 34. Re2 g5 35. Rd2 Rf4 36. Rd1 Ke6 37. Re1+ Re4 38. Rxe4+ Bxe4 39. Kg4 Bxg2 40. h4 gxh4 41. Kxh4 Bf3 42. Kg3 Bd1 0-1